Normale Ansicht MARC-Ansicht ISBD

Die Bildwelt in Walter Benjamins Kafka-Lektüre (Titelsatznr. 70517)

[ MARC ]
MARC-Details
000 -Satzkennung
Kontrollfeld mit fester Länge 01500nam a22003978cb4500
001 - Kontrollnummer
Kontrollfeld BV049037229
003 - Kontrollnummer Identifier
Kontrollfeld DE-604
005 - Datum und Zeit der letzten Transaktion
Kontrollfeld 20240305170156.0
006 - Datenelemente mit fester Länge - Weitere Materialmerkmale
Kontrollfeld mit fester Länge a m||| 00|||
007 - Feld mit fester Länge zur physischen Beschreibung - Allgemeine Information
Kontrollfeld mit fester Länge cr|uuu---uuuuu
008 - Feld mit fester Länge zur physischen Beschreibung - Allgemeine Angaben
Kontrollfeld mit fester Länge 230706s2023 gw |||| o||u| ||||||ger d
020 ## - Internationale Standardbuchnummer
Internationale Standardbuchnummer 9783846768273
Verknüpfung 978-3-8467-6827-3
024 7# - Anderer Standardidentifier
Standardnummer oder Code 10.30965/9783846768273
Quelle der Nummer oder des Codes doi
035 ## - Systemkontrollnummer
System-Kontrollnummer (OCoLC)1420162378
035 ## - Systemkontrollnummer
System-Kontrollnummer (DE-599)BVBBV049037229
040 ## - Katalogisierungsquelle
Original-Katalogisierungsstelle DE-604
Katalogisierungssprache ger
Übertragungsstelle RU-10907106
041 0# - Sprachcode
Sprachcode des Textes/der Tonspur oder des separaten Titels ger
044 ## - Ländercode der veröffentlichenden/herstellenden Stelle
MARC-Ländercode gw
ISO-Ländercode XA-DE-NW
100 1# - Haupteintragung - Personenname
Personenname Lee, Haneul
Datumsangaben in Verbindung mit einem Namen 1988-
Funktionsbezeichnung Verfasser
IDN des Normdatensatzes oder Standardnummer (DE-588)1304454916
Funktionsbezeichnungscode aut
Koha-Normdatenidentnummer 61519
245 10 - Titel
Titel Die Bildwelt in Walter Benjamins Kafka-Lektüre
Verfasserangabe etc. Haneul Lee
264 #1 - Produktion, Veröffentlichung, Distribution, Herstellung und Urheberrechtsvermerk
Herstellungs-, Veröffentlichungs- Vertriebs-, Erzeugungsort Paderborn
Produzent, Herausgeber, Distributor, Hersteller Brill | Fink
Datum der Herstellung, der Veröffentlichung, des Vertriebs oder des Urheberschutzvermerks [2023]
300 ## - Physische Beschreibung
Umfang 1 Online-Ressource (XXXV, 241 Seiten)
Andere physische Details Illustrationen
336 ## - Inhaltstyp
Inhaltstypterm Text
Inhaltstypcode txt
Quelle rdacontent
337 ## - Medientyp
Bezeichnung des Medientyps Computermedien
Medientypcode c
Quelle rdamedia
338 ## - Datenträgertyp
Datenträgertypbezeichnung Online-Ressource
Datenträgertypcode cr
Quelle rdacarrier
490 0# - Gesamttitelangabe
Gesamttitelangabe Ästhetische Praxis
Bandnummer/Folgebezeichnung 6
500 ## - Allgemeine Fußnote
Allgemeine Fußnote E-Book / Zugriff nur im DHI-Lesesaal
502 ## - Dissertationsvermerk
Art des Abschlusses Dissertation
Name der Institution, die den akademischen Grad verleiht Leuphana Universität Lüneburg
Graduierungsjahr 2022
600 17 - Nebeneintragung unter einem Schlagwort - Personenname
Personenname Benjamin, Walter
Datumsangaben in Verbindung mit einem Namen 1892-1940
IDN des Normdatensatzes oder Standardnummer (DE-588)118509039
Quelle der Ansetzung oder des Terms gnd
Koha-Normdatenidentnummer 55472
600 17 - Nebeneintragung unter einem Schlagwort - Personenname
Personenname Kafka, Franz
Datumsangaben in Verbindung mit einem Namen 1883-1924
IDN des Normdatensatzes oder Standardnummer (DE-588)118559230
Quelle der Ansetzung oder des Terms gnd
Koha-Normdatenidentnummer 61520
650 07 - Nebeneintragung unter einem Schlagwort - Sachschlagwort
Sachschlagwort oder geografischer Name als Eintragungselement Rezeption
IDN des Normdatensatzes oder Standardnummer (DE-588)4049716-1
Quelle der Ansetzung oder des Terms gnd
655 #7 - Indexierungsterm - Genre/Form
IDN des Normdatensatzes
Genre/Form oder fokussierter Term Hochschulschrift
Quelle der Ansetzung oder des Terms gnd-content
856 40 - Elektronische Adresse und Zugriff
URL <a href="https://doi.org/10.30965/9783846768273">https://doi.org/10.30965/9783846768273</a>
OPAC-Notiz Volltext
883 1# - Maschinell generierte Metadatenprovenienz
Feldverknüpfung und Reihenfolge 1\p
Generierungsprozess vlb
Erstellungsdatum der Kopie 20230330
Einrichtung, welche die Kopien erstellt hat DE-101
URL https://d-nb.info/provenance/plan#vlb
942 ## - Zusätzliche Felder (Koha)
Klassifikation oder Aufstellungssystematik Andere/Generische Klassifikation
Koha-Medientyp E-Books
Exemplare
Ausgeschieden Verloren Klassifikation oder Aufstellungssystematik Beschädigt Nicht entleihbar Heimatbibliothek Aufenthaltsbibliothek Aufstellungsort Erwerbungsdatum Inventarnummer Signatur Barcode Letzte Aktivität Preis gültig von Koha-Medientyp
    Andere/Generische Klassifikation     MWN Osteuropa MWN Osteuropa Online-Ressource 08/04/2024 24-e00541 E-24-e00541 73566 08/04/2024 08/04/2024 E-Books